[Event "2BLW 2122 SK Münster - SF Neuberg"]
[Site "?"]
[Date "2022.06.19"]
[Round "8.7"]
[White "Lutz, Klaus-Juergen"]
[Black "Kamp, Christoph"]
[Result "1-0"]
[WhiteElo "2250"]
[BlackElo "2250"]
[PlyCount "103"]
[EventDate "2022.??.??"]

1. e4 e6 2. d4 d5 3. e5 c5 4. c3 Qb6 5. Nf3 Nc6 6. Bd3 cxd4 7. O-O Bd7 8. Re1
Nge7 9. Nbd2 dxc3 10. bxc3 Ng6 11. Nb3 Qc7 12. Nbd4 a6 13. Nxc6 Bxc6 14. h4 Bc5
15. h5 Ne7 16. Nd4 Bd7 17. h6 g6 18. Bg5 Nf5 19. Qf3 Bc6 20. Bf6 Rf8 21. Qg4
Nxd4 22. cxd4 Be7 23. Bxe7 Qxe7 24. Rec1 Kd7 25. a4 Rfc8 26. a5 Rc7 27. Rc5
Rac8 28. Qf4 Kd8 29. Rb1 Be8 30. Rxc7 Rxc7 31. Rb6 Rc6 32. Rb1 Kc8 33. Qd2 Qa3
34. Bf1 Rc7 35. Qg5 Qe7 36. Qd2 Ba4 37. Rc1 Rxc1 38. Qxc1+ Kb8 39. Qb2 Kc8 40.
Qb6 Qd7 41. Qc5+ Kb8 42. Qf8+ Qc8 43. Qxf7 Qc1 44. Qxe6 Bb5 45. Qd6+ Kc8 46.
Qc5+ Qxc5 47. dxc5 Kd7 48. Bxb5+ axb5 49. Kf1 Kc6 50. e6 g5 51. e7 Kd7 52. c6+
1-0

[Event "2BLW 2122 SK Münster - SF Neuberg"]
[Site "?"]
[Date "2022.06.19"]
[Round "8.8"]
[White "Kamp, Adrian"]
[Black "Seifert, Christopher"]
[Result "0-1"]
[WhiteElo "1969"]
[BlackElo "2317"]
[PlyCount "118"]
[EventDate "2022.??.??"]

1. e4 g6 2. d4 Bg7 3. Nc3 c6 4. f4 Qb6 5. Nf3 d6 6. Bc4 e6 7. e5 d5 8. Be2 Ne7
9. Na4 Qa5+ 10. c3 Nd7 11. b4 Qc7 12. O-O O-O 13. g4 a5 14. Be3 b6 15. Nb2 Ba6
16. Nd3 Rfc8 17. Qd2 f5 18. exf6 Nxf6 19. Ng5 axb4 20. cxb4 Qd6 21. Ne5 Ne4 22.
Nxe4 dxe4 23. a3 Nd5 24. Kh1 Bb7 25. Nc4 Qd8 26. Rad1 Ba6 27. f5 Bxc4 28. Bxc4
Rxa3 29. Bg5 Bf6 30. Bxf6 Qxf6 31. g5 Qf7 32. fxg6 Qxg6 33. Rf6 Qe8 34. Bxd5
exd5 35. g6 Rd3 36. gxh7+ Kh8 37. Qe2 Rxd1+ 38. Qxd1 e3 39. Qe2 Qe4+ 40. Kg1
Qxd4 41. Re6 Qg7+ 42. Kh1 d4 43. Qh5 Rf8 44. Re8 c5 45. bxc5 bxc5 46. Rxf8+
Qxf8 47. Qe5+ Qg7 48. Qe8+ Kxh7 49. Qh5+ Qh6 50. Qxc5 Qf4 51. Qe7+ Kg6 52. Qe6+
Qf6 53. Qe4+ Qf5 54. Qe8+ Kg5 55. Qd8+ Qf6 56. h4+ Kf5 57. Qd5+ Kf4 58. Qh5 Kg3
59. Qe2 Qf3+ 0-1

[Event "2BLW 2122 SG Bochum - SV 1920 Hofheim"]
[Site "?"]
[Date "2022.06.19"]
[Round "8.1"]
[White "Sumets, Andrey"]
[Black "Kotainy, Jens"]
[Result "1-0"]
[WhiteElo "2542"]
[BlackElo "2445"]
[PlyCount "73"]
[EventDate "2022.??.??"]

1. Nf3 e6 2. c4 d5 3. e3 Nf6 4. b3 Be7 5. Bb2 O-O 6. Nc3 b6 7. cxd5 exd5 8. Be2
c5 9. d4 Bb7 10. O-O Nbd7 11. dxc5 bxc5 12. Qc2 Rc8 13. Rfd1 Qc7 14. Rac1 Rfd8
15. Qf5 g6 16. Qh3 Bf8 17. Qh4 Bg7 18. Na4 Ne4 19. Bxg7 Kxg7 20. Nd2 Re8 21.
Nxe4 Rxe4 22. Qh3 a6 23. Bg4 f5 24. Bf3 Re5 25. Nxc5 Nxc5 26. b4 Qe7 27. bxc5
Rxc5 28. Rxc5 Qxc5 29. Qg3 Qc3 30. h4 h6 31. Rb1 Bc6 32. Rb6 Kf6 33. Qf4 g5 34.
Qd4 Qc1+ 35. Kh2 Ke6 36. Rxa6 Kd6 37. Qb4+ 1-0

[Event "2BLW 2122 SG Bochum - SV 1920 Hofheim"]
[Site "?"]
[Date "2022.06.19"]
[Round "8.2"]
[White "Hendriks, Willy"]
[Black "Ginsburg, Gennadi"]
[Result "1/2-1/2"]
[WhiteElo "2441"]
[BlackElo "2395"]
[PlyCount "118"]
[EventDate "2022.??.??"]

1. d3 d5 2. g3 Nf6 3. Bg2 e5 4. Nf3 Nc6 5. O-O Be7 6. c4 O-O 7. cxd5 Nxd5 8.
Nc3 Be6 9. Bd2 Qd7 10. Rc1 Nxc3 11. bxc3 Bh3 12. Qa4 Bxg2 13. Kxg2 b6 14. Rfd1
h6 15. Rb1 Rae8 16. Qb5 f5 17. e4 Bc5 18. Be1 Re6 19. Qc4 Qf7 20. exf5 Qxf5 21.
Nh4 Qf6 22. Kh1 Kh8 23. Rb2 Rd6 24. Qe4 g5 25. Ng2 Qf3 26. Qxf3 Rxf3 27. Rbd2
b5 28. Kg1 b4 29. Re2 Rdxd3 30. Rxd3 Rxd3 31. cxb4 Bxb4 32. Bxb4 Nxb4 33. Ne3
Ra3 34. Rd2 Nd3 35. Rc2 c5 36. Kf1 e4 37. Nf5 Kh7 38. Nd6 Ra4 39. Re2 Rb4 40.
Rxe4 Rb2 41. Re7+ Kg6 42. Rxa7 Rxf2+ 43. Kg1 Rc2 44. Ra3 Nc1 45. Re3 Ne2+ 46.
Kf1 Nd4 47. a4 c4 48. Nb5 Nb3 49. h3 h5 50. Kg1 g4 51. hxg4 hxg4 52. Rc3 Rxc3
53. Nxc3 Kf5 54. Kf2 Ke5 55. Ke3 Nd4 56. a5 Nf5+ 57. Kf2 Kd6 58. a6 Kc6 59. Nd5
c3 1/2-1/2

[Event "2BLW 2122 SG Bochum - SV 1920 Hofheim"]
[Site "?"]
[Date "2022.06.19"]
[Round "8.3"]
[White "Womacka, Mathias"]
[Black "Hengelbrock, Joachim"]
[Result "1/2-1/2"]
[WhiteElo "2424"]
[BlackElo "2287"]
[PlyCount "55"]
[EventDate "2022.??.??"]

1. e4 e6 2. d4 d5 3. Nd2 a6 4. e5 c5 5. c3 Nc6 6. Ndf3 Bd7 7. Bd3 cxd4 8. cxd4
Bb4+ 9. Kf1 Be7 10. Ne2 Qb6 11. a3 Rc8 12. h4 Nh6 13. Bxh6 gxh6 14. b4 Na7 15.
g3 a5 16. bxa5 Qxa5 17. Kg2 Nb5 18. a4 Na3 19. Qb3 Qb4 20. Qxb4 Bxb4 21. Ra2 b6
22. Rha1 Nc4 23. Nf4 Kf8 24. Nh5 Bc6 25. Nf6 Kg7 26. Nh5+ Kf8 27. Nf6 Kg7 28.
Nh5+ 1/2-1/2

[Event "2BLW 2122 SG Bochum - SV 1920 Hofheim"]
[Site "?"]
[Date "2022.06.19"]
[Round "8.5"]
[White "Zude, Arno"]
[Black "Wuebker, Paul-Luca"]
[Result "0-1"]
[WhiteElo "2381"]
[BlackElo "2140"]
[PlyCount "126"]
[EventDate "2022.??.??"]

1. e4 c5 2. Nf3 d6 3. d4 cxd4 4. Nxd4 Nf6 5. Nc3 g6 6. Be3 Bg7 7. f3 O-O 8. Qd2
Nc6 9. Bc4 Bd7 10. O-O-O Rb8 11. Bb3 Na5 12. Kb1 b5 13. g4 e5 14. Nde2 b4 15.
Nd5 Nxb3 16. cxb3 Nxd5 17. Qxd5 Be6 18. Qxd6 Qf6 19. Rhf1 Rbd8 20. g5 Rxd6 21.
gxf6 Rxd1+ 22. Rxd1 Bxf6 23. Bc5 Ra8 24. Bxb4 Kg7 25. Bc3 Kh6 26. Rg1 Re8 27.
Nc1 Bg7 28. Bd2+ Kh5 29. Ne2 Bf6 30. Be3 a6 31. Bf2 Rd8 32. Kc2 Bg5 33. Rd1
Rxd1 34. Kxd1 Be7 35. Bg3 f6 36. Nc3 g5 37. Nd5 Bd8 38. b4 g4 39. f4 Bxd5 40.
exd5 Bc7 41. fxe5 fxe5 42. Ke2 Kg5 43. Kd3 Kf5 44. Kc4 h5 45. a4 Bd8 46. a5 h4
47. Bf2 g3 48. hxg3 h3 49. Bg1 e4 50. Kd4 Bf6+ 51. Ke3 Be7 52. Kd4 Bxb4 53. Bh2
Bd6 54. b4 Bxb4 55. g4+ Kxg4 56. Kxe4 Bxa5 57. d6 Bd8 58. Be5 a5 59. Bh2 Bb6
60. Be5 a4 61. Kd3 Kf5 62. Bh2 a3 63. Kc2 Ke6 0-1

[Event "2BLW 2122 SG Bochum - SV 1920 Hofheim"]
[Site "?"]
[Date "2022.06.19"]
[Round "8.6"]
[White "Mazarov, Juergen"]
[Black "Zude, Erik"]
[Result "1/2-1/2"]
[WhiteElo "2125"]
[BlackElo "2380"]
[PlyCount "63"]
[EventDate "2022.??.??"]

1. g3 c5 2. Bg2 d5 3. Nf3 Nf6 4. d3 Nc6 5. Nbd2 g6 6. O-O Bg7 7. e4 O-O 8. c3
d4 9. c4 e5 10. h3 Bd7 11. Qe2 Ne8 12. Nh2 Qc8 13. h4 Nf6 14. Re1 a6 15. f4 Nh5
16. Ndf1 exf4 17. gxf4 Qd8 18. Qf2 Nb4 19. Rd1 Bf6 20. Nf3 Bg4 21. a3 Nc6 22.
Bd2 Qc7 23. e5 Bg7 24. Ng3 Ne7 25. Re1 Nf5 26. Nxh5 Bxh5 27. b4 b6 28. Ng5 h6
29. Bxa8 Rxa8 30. Ne4 Qe7 31. bxc5 bxc5 32. Ng3 1/2-1/2

[Event "2BLW 2122 SG Bochum - SV 1920 Hofheim"]
[Site "?"]
[Date "2022.06.19"]
[Round "8.7"]
[White "Weber, Ulrich"]
[Black "Klugstedt, Vincent"]
[Result "1-0"]
[WhiteElo "2338"]
[BlackElo "1809"]
[PlyCount "121"]
[EventDate "2022.??.??"]

1. Nf3 d5 2. g3 c5 3. Bg2 Nf6 4. O-O e6 5. d3 Be7 6. Nbd2 O-O 7. e4 Nc6 8. Re1
Qc7 9. e5 Nd7 10. Qe2 f6 11. exf6 Rxf6 12. Nf1 h6 13. Ne3 Bd6 14. c4 Nb6 15. b3
Bd7 16. Bb2 Rf7 17. Rac1 d4 18. Nc2 a5 19. a3 e5 20. Nd2 Kh8 21. Ne4 Raf8 22.
Rb1 Be7 23. Bc1 Nc8 24. Rf1 b6 25. Bd2 Nd6 26. b4 axb4 27. axb4 Bf5 28. bxc5
bxc5 29. Nxd6 Bxd6 30. Rb3 Na5 31. Bxa5 Qxa5 32. Ra1 Qd8 33. Ra8 Qg5 34. Rxf8+
Rxf8 35. Ne1 Bg4 36. Qc2 h5 37. h3 Bf5 38. Nf3 Qf6 39. h4 Qg6 40. Ng5 Be7 41.
Ne4 Bxe4 42. Bxe4 Qg4 43. Kh2 Qe6 44. Rb7 Bd8 45. Qa2 Qg4 46. Rb8 Qe6 47. Bg2
Qf6 48. Qe2 g6 49. Rc8 Be7 50. Rc6 Bd6 51. Qb2 Kg7 52. Rb6 Rf7 53. Bd5 Re7 54.
Qa2 Re8 55. Qa4 Rd8 56. Rb7+ Be7 57. Qa7 Kf8 58. Rb6 Rd6 59. Qb8+ Kg7 60. Rb7
Kh6 61. Rxe7 1-0

[Event "2BLW 2122 SG Bochum - SV 1920 Hofheim"]
[Site "?"]
[Date "2022.06.19"]
[Round "8.8"]
[White "Gluma, Christian"]
[Black "Fish, Jonathan M"]
[Result "1-0"]
[WhiteElo "2014"]
[BlackElo "2113"]
[PlyCount "87"]
[EventDate "2022.??.??"]

1. e4 c5 2. Nf3 Nc6 3. d4 cxd4 4. Nxd4 g6 5. c4 Bg7 6. Be3 Nf6 7. Nc3 Ng4 8.
Qxg4 Nxd4 9. Qd1 e5 10. Qd2 O-O 11. Ne2 Qe7 12. f3 f5 13. Bg5 Qe6 14. Nxd4 exd4
15. Bd3 b5 16. Qe2 h6 17. Bh4 Bb7 18. exf5 Qb6 19. O-O Rxf5 20. Bf2 Re5 21. Qd2
Re3 22. cxb5 Rae8 23. Rfe1 g5 24. Re2 g4 25. fxg4 Qe6 26. Bf5 Rxe2 27. Bxe6+
R8xe6 28. Qd3 Rxb2 29. Re1 Rxe1+ 30. Bxe1 Rxg2+ 31. Kf1 Rxg4 32. Qf5 Rg5 33.
Qxd7 Bd5 34. h4 Bc4+ 35. Kf2 Rc5 36. Bb4 Rxb5 37. Qc8+ Kh7 38. Qxc4 Rf5+ 39.
Kg2 Rf4 40. Be1 h5 41. Qd5 Rg4+ 42. Kf3 Kg6 43. Bg3 d3 44. Qxd3+ 1-0

[Event "2BLW 2122 SG Porz - SV 1920 Hofheim"]
[Site "?"]
[Date "2022.07.02"]
[Round "9.1"]
[White "Sumets, Andrey"]
[Black "Xu, Xianliang"]
[Result "0-1"]
[WhiteElo "2542"]
[BlackElo "2439"]
[PlyCount "88"]
[EventDate "2022.??.??"]

1. d4 Nf6 2. c4 c5 3. d5 e6 4. Nc3 exd5 5. cxd5 d6 6. Nf3 g6 7. Bg5 Bg7 8. e4
O-O 9. Nd2 h6 10. Bh4 Nbd7 11. Be2 Qe7 12. O-O g5 13. Bg3 Ne5 14. Qc2 Nfd7 15.
Nd1 Ng6 16. Bg4 Nf4 17. Ne3 Qf6 18. Kh1 b5 19. a4 h5 20. Bf5 h4 21. Bxf4 gxf4
22. Ng4 Qxb2 23. Qxb2 Bxb2 24. Ra2 Bg7 25. axb5 Nb6 26. Nf3 Nxd5 27. Rd2 Nc3
28. Rxd6 Nxb5 29. Rd5 a5 30. Rxc5 Nd4 31. Nxd4 Bxd4 32. Rd5 Bg7 33. g3 Be6 34.
Bxe6 fxe6 35. Rd3 a4 36. e5 h3 37. Nf6+ Bxf6 38. exf6 a3 39. g4 a2 40. Ra1 Rfb8
41. Rdd1 Rb2 42. g5 Kf7 43. f3 Rab8 44. Rg1 Kg6 0-1

[Event "2BLW 2122 SG Porz - SV 1920 Hofheim"]
[Site "?"]
[Date "2022.07.02"]
[Round "9.2"]
[White "Rotstein, Arkadij"]
[Black "Ginsburg, Gennadi"]
[Result "1/2-1/2"]
[WhiteElo "2461"]
[BlackElo "2395"]
[PlyCount "154"]
[EventDate "2022.??.??"]

1. Nf3 Nf6 2. c4 e6 3. Nc3 d5 4. e3 Be7 5. b3 O-O 6. Bb2 b6 7. d4 Bb7 8. Bd3
Nbd7 9. O-O c5 10. Qe2 Qb8 11. Rad1 Rd8 12. cxd5 exd5 13. Ba6 Nf8 14. dxc5 bxc5
15. Na4 Ne6 16. Rc1 Ne4 17. Rfd1 Bc6 18. Nc3 Nf6 19. Bb5 Bb7 20. Na4 a6 21. Bd3
Qa7 22. Bf5 Rac8 23. Ne5 Re8 24. h4 Bf8 25. h5 Rcd8 26. h6 d4 27. hxg7 Nxg7 28.
Ng4 Nxg4 29. Bxg4 Be4 30. Ba3 dxe3 31. Rxd8 Rxd8 32. Qxe3 f5 33. Be2 Qa8 34. f3
Bc6 35. Nxc5 Bb5 36. Bxb5 axb5 37. b4 Qd5 38. Qb3 Nh5 39. Bb2 Nf4 40. Rc2 Qxb3
41. axb3 Rd1+ 42. Kf2 Nd5 43. Bc3 Bh6 44. Be1 Be3+ 45. Ke2 Rxe1+ 46. Kxe1 Nxb4
47. Re2 Bxc5 48. Re8+ Kf7 49. Rb8 Nc2+ 50. Kd2 Na3 51. Rc8 Be7 52. Ke3 b4 53.
Rh8 Kg7 54. Re8 Kf6 55. Kd3 Nb1 56. Rh8 Kg7 57. Re8 Bf6 58. Re1 Na3 59. Re6 Bc3
60. Rd6 Kf7 61. Rh6 Kg7 62. Rd6 h5 63. Rd8 Kg6 64. Rg8+ Kf6 65. f4 Nb1 66. Rh8
Nd2 67. Rh6+ Kf7 68. Rxh5 Kg6 69. Rg5+ Kf6 70. Kc2 Ne4 71. Rg8 Nf2 72. Rc8 Ke6
73. Rc5 Ne4 74. Rb5 Nf2 75. Ra5 Ne4 76. Rb5 Nd6 77. Rc5 Ne4 1/2-1/2

[Event "2BLW 2122 SG Porz - SV 1920 Hofheim"]
[Site "?"]
[Date "2022.07.02"]
[Round "9.3"]
[White "Womacka, Mathias"]
[Black "Suvorov, Alexander"]
[Result "1-0"]
[WhiteElo "2424"]
[BlackElo "2348"]
[PlyCount "73"]
[EventDate "2022.??.??"]

1. e4 e5 2. Nf3 Nc6 3. Bc4 Nf6 4. d3 h6 5. O-O d6 6. a4 g5 7. a5 a6 8. c3 Bg7
9. Nbd2 O-O 10. h3 Ne7 11. Re1 Ng6 12. Nf1 d5 13. exd5 Nxd5 14. d4 exd4 15.
Nxd4 Ndf4 16. Ng3 Re8 17. Ne4 Re7 18. Nc6 Qe8 19. Nxe7+ Qxe7 20. Bxf4 gxf4 21.
Nd2 Qf8 22. Qh5 Kh8 23. Nf3 Bf6 24. Re8 Qxe8 25. Qxh6+ Kg8 26. Qxg6+ Bg7 27.
Re1 Be6 28. Bxe6 fxe6 29. Qxe6+ Qxe6 30. Rxe6 Rd8 31. Re4 Rd5 32. Rxf4 Rxa5 33.
Re4 Ra1+ 34. Kh2 c5 35. g4 Rb1 36. Nd2 Rd1 37. Nc4 1-0

[Event "2BLW 2122 SG Porz - SV 1920 Hofheim"]
[Site "?"]
[Date "2022.07.02"]
[Round "9.4"]
[White "Korotkjevich, Stanislav"]
[Black "Zude, Arno"]
[Result "1-0"]
[WhiteElo "2350"]
[BlackElo "2381"]
[PlyCount "79"]
[EventDate "2022.??.??"]

1. d4 Nf6 2. Nf3 d5 3. Bf4 c5 4. e3 Nc6 5. c3 Qb6 6. Qc1 g6 7. Be2 Bg7 8. O-O
O-O 9. Nbd2 Nh5 10. Bg5 h6 11. Bh4 cxd4 12. Nxd4 e5 13. Nxc6 bxc6 14. Bxh5 gxh5
15. Qc2 Re8 16. e4 Ba6 17. c4 d4 18. b3 c5 19. Qd3 Bb7 20. f4 f5 21. Rae1 Qc6
22. Re2 fxe4 23. Nxe4 exf4 24. Rxf4 Rf8 25. Rxf8+ Rxf8 26. Nd2 a5 27. Nf3 a4
28. Re7 axb3 29. axb3 Rf4 30. Bg3 Re4 31. Rc7 Qa6 32. h3 Qa1+ 33. Kh2 Qc3 34.
Qb1 d3 35. Rxb7 Qc2 36. Qf1 Re2 37. Nh4 Rf2 38. Bxf2 d2 39. Rd7 d1=Q 40. Rxd1
1-0

[Event "2BLW 2122 SG Porz - SV 1920 Hofheim"]
[Site "?"]
[Date "2022.07.02"]
[Round "9.5"]
[White "Zude, Erik"]
[Black "Suvorov, Luca"]
[Result "1/2-1/2"]
[WhiteElo "2380"]
[BlackElo "2296"]
[PlyCount "81"]
[EventDate "2022.??.??"]

1. d4 Nf6 2. c4 e6 3. Nc3 Bb4 4. e3 O-O 5. Bd3 c5 6. a3 Bxc3+ 7. bxc3 d6 8. e4
Nc6 9. Ne2 e5 10. d5 Ne7 11. f3 Ne8 12. Ng3 Ng6 13. Nf5 Nf4 14. Bf1 g6 15. Nh6+
Kg7 16. g3 Kxh6 17. h4 Kg7 18. gxf4 Nf6 19. fxe5 dxe5 20. Bg5 h6 21. Be3 b6 22.
Qd2 Rh8 23. Bd3 Nh5 24. O-O-O Qf6 25. Rde1 Bd7 26. Bc2 Rac8 27. Rhg1 Nf4 28.
Bxf4 exf4 29. Rh1 Qe5 30. Kb2 Rb8 31. Ka2 Rb7 32. Rb1 Rhb8 33. Rb2 Re8 34. Rbb1
Qf6 35. Bd3 Re5 36. Kb2 Rh5 37. Qe1 Ba4 38. Kc1 Rc7 39. Kd2 Bd7 40. Bc2 Qe5 41.
Qf2 {(=)} 1/2-1/2

[Event "2BLW 2122 SG Porz - SV 1920 Hofheim"]
[Site "?"]
[Date "2022.07.02"]
[Round "9.6"]
[White "Braun, Christian"]
[Black "Brendel, Oliver"]
[Result "1/2-1/2"]
[WhiteElo "2428"]
[BlackElo "2342"]
[PlyCount "73"]
[EventDate "2022.??.??"]

1. e4 c5 2. Nf3 g6 3. g3 Bg7 4. Bg2 Nc6 5. O-O e5 6. d3 Nge7 7. c3 O-O 8. a3 a5
9. a4 d6 10. Na3 h6 11. Nb5 f5 12. exf5 Bxf5 13. Nh4 Be6 14. Re1 Qd7 15. d4
cxd4 16. cxd4 Nxd4 17. Nxd4 exd4 18. Qe2 Rf6 19. Qb5 Nc6 20. Bd2 Bf7 21. Rac1
g5 22. Nf3 Rf5 23. Qd3 Rc5 24. Rxc5 dxc5 25. Qb5 c4 26. h4 g4 27. Nh2 Rd8 28.
Rc1 Ne5 29. Bxa5 Qxb5 30. axb5 Ra8 31. Ra1 c3 32. bxc3 Nc4 33. cxd4 Rxa5 34.
Rxa5 Nxa5 35. Nxg4 Be6 36. Ne5 Bxe5 37. dxe5 {(=)} 1/2-1/2

[Event "2BLW 2122 SG Porz - SV 1920 Hofheim"]
[Site "?"]
[Date "2022.07.02"]
[Round "9.7"]
[White "Kushka, Alena"]
[Black "Marcziter, Dmitrii"]
[Result "1/2-1/2"]
[WhiteElo "2127"]
[BlackElo "2254"]
[PlyCount "88"]
[EventDate "2022.??.??"]

1. d4 d5 2. c4 e6 3. Nc3 c5 4. cxd5 exd5 5. Nf3 Nc6 6. g3 Nf6 7. Bg2 Be7 8. O-O
O-O 9. dxc5 Bxc5 10. Bg5 d4 11. Bxf6 Qxf6 12. Ne4 Qe7 13. Nxc5 Qxc5 14. Rc1 Qb6
15. b3 Bf5 16. Qd2 Rfe8 17. Rfe1 h6 18. Qf4 Be4 19. Red1 Rad8 20. Rc4 Bd5 21.
Rc2 Re4 22. Qc1 Re7 23. Qb2 d3 24. Rcd2 dxe2 25. Rxe2 Bxf3 26. Rxd8+ Qxd8 27.
Bxf3 Nd4 28. Rxe7 Nxf3+ 29. Kg2 Nh4+ 30. gxh4 Qxe7 31. Qd4 a6 32. a4 a5 33. Kg3
h5 34. h3 g6 35. Qd5 Qc7+ 36. Kg2 b6 37. Qd4 Qc6+ 38. Kg3 Qe6 39. Qd8+ Kh7 40.
Qd3 Qe5+ 41. Kf3 Kg7 42. Qc4 Kf8 43. Qc8+ Kg7 44. Qc4 Kf8 {(=)} 1/2-1/2

[Event "2BLW 2122 SG Porz - SV 1920 Hofheim"]
[Site "?"]
[Date "2022.07.02"]
[Round "9.8"]
[White "Sabirov, Ramil"]
[Black "Haack, Kevin"]
[Result "1-0"]
[WhiteElo "2124"]
[BlackElo "2176"]
[PlyCount "85"]
[EventDate "2022.??.??"]

1. Nf3 Nf6 2. c4 e6 3. g3 b6 4. Bg2 Bb7 5. O-O d5 6. b3 c5 7. Bb2 Be7 8. e3 Nc6
9. Nc3 O-O 10. cxd5 exd5 11. d4 Ba6 12. Re1 c4 13. Ne5 Na5 14. e4 cxb3 15. exd5
bxa2 16. Rxa2 Bb4 17. Ra4 Qd6 18. Nc6 Nxc6 19. dxc6 Bc4 20. Ba3 a5 21. Bxb4
axb4 22. Rxa8 Rxa8 23. Ne4 Nxe4 24. Bxe4 Bd5 25. Bxd5 Qxd5 26. Qa4 Rf8 27. c7
Qd6 28. Rc1 Rc8 29. Qa6 Qd7 30. Qxb6 b3 31. Rc4 Qe6 32. Qxb3 g5 33. Qc3 g4 34.
Rc5 h6 35. Qe3 Qd6 36. Qf4 Qg6 37. Rc1 Qe6 38. d5 Qd7 39. d6 Qe6 40. Qd4 Qd7
41. Qf6 Re8 42. Qe7 Rxe7 43. c8=Q+ 1-0

[Event "2BLW 2122 SC Remagen Sinzig - SF Neuber"]
[Site "?"]
[Date "2022.07.02"]
[Round "9.1"]
[White "Lubbe, Nikolas"]
[Black "Parligras, Mircea-Emilian"]
[Result "1-0"]
[WhiteElo "2454"]
[BlackElo "2579"]
[PlyCount "61"]
[EventDate "2022.??.??"]

1. d4 Nf6 2. Nf3 d5 3. c4 e6 4. e3 Be7 5. b3 O-O 6. Bd3 c5 7. O-O cxd4 8. exd4
Nc6 9. Bb2 b6 10. Nbd2 Bb7 11. Rc1 Rc8 12. Qe2 Re8 13. Rfd1 Bf8 14. Nf1 g6 15.
Ne3 Bg7 16. c5 Nd7 17. Bb5 a6 18. Bxc6 Bxc6 19. cxb6 Qxb6 20. Ng4 f6 21. Qd2 a5
22. Nh6+ Bxh6 23. Qxh6 a4 24. Rc3 Bb5 25. Re3 Rc2 26. Nh4 Rxb2 27. Nf5 exf5 28.
Rxe8+ Kf7 29. Rde1 Be2 30. R8xe2 Rxe2 31. Qxh7+ 1-0

[Event "2BLW 2122 SC Remagen Sinzig - SF Neuber"]
[Site "?"]
[Date "2022.07.02"]
[Round "9.2"]
[White "Plat, Vojtech"]
[Black "Lubbe, Melanie"]
[Result "1-0"]
[WhiteElo "2555"]
[BlackElo "2354"]
[PlyCount "173"]
[EventDate "2022.??.??"]

1. d4 Nf6 2. c4 g6 3. g3 Bg7 4. Bg2 O-O 5. Nc3 d6 6. Nf3 c6 7. O-O Qb6 8. b3
Qa5 9. Qd2 Qh5 10. Qg5 Qxg5 11. Bxg5 h6 12. Bxf6 Bxf6 13. Rfd1 a5 14. Rac1 Na6
15. h3 Bd7 16. Na4 Rad8 17. Nb6 Bf5 18. g4 Be4 19. Ne1 Bxg2 20. Kxg2 d5 21.
cxd5 cxd5 22. e3 Rd6 23. Na4 e5 24. dxe5 Bxe5 25. Nf3 Bg7 26. Nc5 Nb4 27. Nxb7
Rb6 28. Rc7 Nxa2 29. Nxa5 Nc3 30. Rd3 Rb5 31. Nc6 Rxb3 32. Ne7+ Kh7 33. Nxd5
Nxd5 34. Rxd5 Kg8 35. Rdd7 Rbb8 36. Nd2 Rbd8 37. Ne4 Be5 38. Rb7 Rxd7 39. Rxd7
Rc8 40. f4 Bb8 41. Kf3 Rf8 42. h4 Kg7 43. g5 hxg5 44. hxg5 Rc8 45. Nf6 Kf8 46.
Rd4 Ke7 47. e4 Bd6 48. e5 Ba3 49. Ra4 Bb2 50. Ra7+ Ke6 51. Ra6+ Ke7 52. Ra2 Rb8
53. Ra7+ Ke6 54. Ra6+ Ke7 55. Nd5+ Kf8 56. Ke4 Rc8 57. Ra2 Bc1 58. Nf6 Ke7 59.
Ra4 Kf8 60. Kd3 Rd8+ 61. Ke4 Rc8 62. Ra7 Bd2 63. f5 gxf5+ 64. Kxf5 Bb4 65. g6
fxg6+ 66. Kxg6 Be7 67. Ra4 Bc5 68. Rc4 Ke7 69. Kf5 Kd8 70. Rh4 Kc7 71. Rc4 Kd8
72. Rc3 Rc7 73. Ke6 Bf8 74. Rd3+ Kc8 75. Rg3 Re7+ 76. Kf5 Rg7 77. Rh3 Kb7 78.
Ke6 Re7+ 79. Kd5 Rc7 80. Rh8 Bb4 81. Ne4 Re7 82. Nd6+ Kc7 83. Ne8+ Kb7 84. e6
Kb6 85. Nd6 Kc7 86. Nc4 Bc3 87. Rh3 1-0

[Event "2BLW 2122 SC Remagen Sinzig - SF Neuber"]
[Site "?"]
[Date "2022.07.02"]
[Round "9.3"]
[White "Bethke, Richard"]
[Black "Burg, Twan"]
[Result "0-1"]
[WhiteElo "2366"]
[BlackElo "2508"]
[PlyCount "112"]
[EventDate "2022.??.??"]

1. e4 e5 2. Nf3 Nf6 3. d4 Nxe4 4. Bd3 Nc6 5. Nxe5 Nxe5 6. Bxe4 d5 7. dxe5 dxe4
8. Qxd8+ Kxd8 9. Nc3 Bb4 10. Bg5+ Ke8 11. O-O-O Bg4 12. Rd4 Bxc3 13. bxc3 h6
14. Rxe4 Bh3 15. gxh3 hxg5 16. Re3 Ke7 17. Rg1 Rh5 18. h4 Rah8 19. e6 fxe6 20.
hxg5 Kf7 21. f4 Rh3 22. Re5 Rxc3 23. Rge1 Rxh2 24. Kb1 Rcxc2 25. Rxe6 Rb2+ 26.
Kc1 Rhc2+ 27. Kd1 Rg2 28. g6+ Rxg6 29. Re7+ Kg8 30. Rxc7 Rxa2 31. Rc8+ Kh7 32.
Rh1+ Rh6 33. Rxh6+ Kxh6 34. Rc7 Rb2 35. Kc1 Rb4 36. Kd2 Rxf4 37. Rxb7 a5 38.
Ke3 g5 39. Ra7 a4 40. Ra8 Kh5 41. Ra5 Kh4 42. Rb5 a3 43. Ra5 Rf8 44. Rxa3 g4
45. Ra1 Kh3 46. Rh1+ Kg2 47. Rh7 g3 48. Rg7 Kh2 49. Ke2 g2 50. Rh7+ Kg1 51. Rh5
Re8+ 52. Kd2 Re7 53. Kd3 Kf2 54. Rf5+ Ke1 55. Rg5 Re2 56. Ra5 Rd2+ 0-1

[Event "2BLW 2122 SC Remagen Sinzig - SF Neuber"]
[Site "?"]
[Date "2022.07.02"]
[Round "9.4"]
[White "Dgebuadze, Alexandre"]
[Black "Wahedi, Ahmad Siar"]
[Result "1-0"]
[WhiteElo "2463"]
[BlackElo "2280"]
[PlyCount "63"]
[EventDate "2022.??.??"]

1. c4 e5 2. Nc3 Nf6 3. e3 d5 4. cxd5 Nxd5 5. Nf3 Nxc3 6. bxc3 Bd6 7. d4 exd4 8.
cxd4 O-O 9. Bd3 Bg4 10. h3 Bh5 11. Rb1 b6 12. Qc2 Bg6 13. Bxg6 fxg6 14. e4 Nd7
15. e5 Be7 16. O-O Rc8 17. Re1 c6 18. a4 Nb8 19. a5 b5 20. Qb3+ Kh8 21. Ba3 Na6
22. Bxe7 Qxe7 23. Rec1 h6 24. d5 cxd5 25. Rxc8 Rxc8 26. Qxd5 b4 27. Qd6 Qb7 28.
e6 Kh7 29. e7 Re8 30. Re1 b3 31. Nh4 Nc7 32. Qxg6+ 1-0

[Event "2BLW 2122 SC Remagen Sinzig - SF Neuber"]
[Site "?"]
[Date "2022.07.02"]
[Round "9.5"]
[White "Kuenstler, Christian"]
[Black "Jaracz, Pawel"]
[Result "1/2-1/2"]
[WhiteElo "2272"]
[BlackElo "2467"]
[PlyCount "33"]
[EventDate "2022.??.??"]

1. d4 Nf6 2. c4 e6 3. Nf3 Bb4+ 4. Bd2 a5 5. a3 Be7 6. Nc3 d5 7. Bf4 O-O 8. e3
c6 9. h3 Nbd7 10. Qc2 Re8 11. Bd3 dxc4 12. Bxc4 b5 13. Bd3 Bb7 14. e4 g6 15.
O-O Rc8 16. Be3 c5 17. dxc5 {(=)} 1/2-1/2

[Event "2BLW 2122 SC Remagen Sinzig - SF Neuber"]
[Site "?"]
[Date "2022.07.02"]
[Round "9.6"]
[White "Polaczek, Richard"]
[Black "Schaffer, Hendrik"]
[Result "1-0"]
[WhiteElo "2357"]
[BlackElo "2246"]
[PlyCount "79"]
[EventDate "2022.??.??"]

1. d4 Nf6 2. Nf3 g6 3. g3 Bg7 4. Bg2 O-O 5. O-O d6 6. Nc3 Nc6 7. d5 Na5 8. h3
c5 9. e4 a6 10. Re1 b5 11. a3 Bb7 12. Nd2 Rc8 13. Nf1 Nc4 14. Qe2 Nb6 15. Rd1
Qc7 16. Ne3 e6 17. dxe6 fxe6 18. e5 dxe5 19. Bxb7 Qxb7 20. Ng4 Nfd7 21. Ne4 Rc6
22. Nh6+ Kh8 23. Nd6 Rxd6 24. Rxd6 e4 25. Rxe6 Ne5 26. Bf4 Nf3+ 27. Kg2 Rxf4
28. gxf4 Bxh6 29. Rd1 Nd4 30. Qxe4 Qxe4+ 31. Rxe4 Nd5 32. c3 Nf6 33. Re7 Nd5
34. Re8+ Kg7 35. cxd4 c4 36. Kf3 Kf7 37. Rd8 Nxf4 38. Rd7+ Kf6 39. Rxh7 Bg5 40.
h4 1-0

[Event "2BLW 2122 SC Remagen Sinzig - SF Neuber"]
[Site "?"]
[Date "2022.07.02"]
[Round "9.7"]
[White "Seifert, Christopher"]
[Black "Mainka, Romuald"]
[Result "1-0"]
[WhiteElo "2317"]
[BlackElo "2376"]
[PlyCount "117"]
[EventDate "2022.??.??"]

1. c4 e6 2. g3 d5 3. Bg2 Nf6 4. d3 Be7 5. Nc3 O-O 6. Qb3 c6 7. Nf3 d4 8. Ne4
Nxe4 9. dxe4 c5 10. O-O Nc6 11. e5 Rb8 12. e3 Qc7 13. Bd2 b6 14. exd4 cxd4 15.
Rfe1 Bb7 16. Qa4 Rfd8 17. a3 Na5 18. Rac1 Bc6 19. Qd1 Qd7 20. Bb4 d3 21. Rc3
Ba4 22. b3 Nxb3 23. Rxb3 d2 24. Bxd2 Bc5 25. Bf1 a5 26. Qb1 Bxb3 27. Qxb3 Qc6
28. a4 Rd7 29. Bf4 Bb4 30. Re3 Bc5 31. Rd3 Rbd8 32. Rxd7 Qxd7 33. Be2 h6 34. h4
Qc6 35. Bd3 Be7 36. Kf1 Qc5 37. Ke2 Qc6 38. Nd2 Bb4 39. Ne4 Rd4 40. Qc2 Rd8 41.
Qb3 Rd4 42. f3 Rd8 43. h5 Kf8 44. g4 Qc7 45. Bb1 Rd4 46. Ba2 Qc6 47. Qc2 Qc7
48. Bb3 Kg8 49. Bg3 Kf8 50. Qc1 Qc6 51. Qe3 Rd7 52. Bf2 Qc7 53. Qf4 Bc5 54.
Nxc5 bxc5 55. Bc2 Qb6 56. Qe3 Qb2 57. Qxc5+ Ke8 58. Qc8+ Rd8 59. Qc6+ 1-0